Colori della pelle e differenze di genere negli albi illustrati : ricerche e prospettive pedagogiche /

Guardat en:
Dades bibliogràfiques
Altres autors: Francis, Véronique
Format: Llibre
Idioma:italià
Publicat: Milano : Angeli, 2018
Col·lecció:La melagrana. Idee e metodi per l'intercultura ; 28
Matèries:
Etiquetes: Afegir etiqueta
Sense etiquetes, Sigues el primer a etiquetar aquest registre!

MARC

LEADER 00000nam a2200000 i 4500
001 IT\ICCU\CFI\0984335
003 ItRI
005 20260115232157.0
008 180724s2018 it |||||| ||||| |||||c
015 |2 IT  |a 2018-9281 
020 |a 9788891761637 
040 |b ita  |c importazione bologna sebina 
041 7 |a ita  |2 ISO-639-2 
082 |a 370.117  |9 EDUCAZIONE MULTICULTURALE (INTERCULTURALE) E EDUCAZIONE BILINGUE  |2 23 
245 0 0 |a Colori della pelle e differenze di genere negli albi illustrati :  |b ricerche e prospettive pedagogiche /  |c Véronique Francis ... [et al.]. 
260 |a Milano :  |b Angeli,  |c 2018 
300 |a 145 p. :  |b ill. ;  |c 23 cm 
650 7 |a Educazione interculturale 
700 1 |a Francis, Véronique  |0 IT\ICCU\CFIV\343106 
830 3 |a La melagrana. Idee e metodi per l'intercultura ;  |v 28  |0 IT\ICCU\RAV\1249138 
942 |2 ddc  |c BK  |n 0 
952 |0 0  |1 0  |4 0  |6 DOC_370_157000000000000_FRA  |7 0  |9 21459  |a BO  |b BO  |d 2026-01-15  |i 19438  |l 0  |o DOC 370.157 FRA  |p BO19438  |r 2026-01-15 23:21:57  |w 2026-01-15  |x [Sebina 5] [1 v.]  |y BK  |z 1 v. 
999 |c 18319  |d 18319